000
00259nam a2200109Ia 4500
008
200302s9999 xx 000 0 und d
100
_a
Satish Tiwari
245
_a
Urban Development
260
_b
Anmol Publication Pvt. Ltd.
260
_c
2000
300
_a
302 P.,
999
_c
1106
_d
1106